Pokémon that END with X, Y, Z & Others - Statistics

General Stats
  • This quiz has been taken 633 times
    538 since last reset
  • The average score is 38 of 72
Answer Stats
Hint Answer % Correct
Sinnoh Porygon-Z
74%
Johto Porygon2
70%
Kanto Snorlax
69%
Sinnoh Happiny
68%
Kanto Electabuzz
67%
Sinnoh Buneary
66%
Sinnoh Munchlax
66%
Sinnoh Lopunny
65%
Kalos Bunnelby
64%
Kanto Jynx
64%
Kanto Onix
64%
Kanto Chansey
63%
Unova Mandibuzz
63%
Johto Blissey
62%
Kalos Diggersby
62%
Hoenn Beautifly
61%
Galar Grookey
61%
Kanto Pidgey
61%
Johto Steelix
61%
Alola Dartrix
60%
Galar Thwackey
60%
Kanto Clefairy
59%
Kalos Swirlix
59%
Kanto Vulpix
59%
Paldea Arctibax
56%
Paldea Frigibax
56%
Galar Scorbunny
56%
Sinnoh Shinx
56%
Unova Vullaby
56%
Hoenn Skitty
55%
Sinnoh Starly
55%
Hoenn Cradily
54%
Hoenn Delcatty
54%
Alola Silvally
54%
Johto Flaaffy
53%
Sinnoh Luxray
53%
Sinnoh Burmy
52%
Alola Cutiefly
52%
Unova Snivy
52%
Sinnoh Manaphy
51%
Kalos Delphox
50%
Hoenn Dustox
50%
Paldea Quaxly
50%
Galar Calyrex
49%
Kanto Gastly
49%
Unova Braviary
48%
Paldea Lokix
48%
Unova Scraggy
47%
Sinnoh Bonsly
46%
Kalos Goomy
46%
Unova Scrafty
46%
Kalos Inkay
45%
Sinnoh Purugly
45%
Galar Dreepy
44%
Kanto Krabby
44%
Kanto Mankey
44%
Hoenn Shiftry
44%
Alola Toxapex
44%
Johto Phanpy
43%
Unova Leavanny
42%
Johto Magby
42%
Hoenn Baltoy
41%
Johto Octillery
41%
Johto Skarmory
41%
Sinnoh Lickilicky
40%
Alola Mudbray
40%
Sinnoh Stunky
39%
Alola Comfey
37%
Galar Milcery
36%
Galar Toxtricity
36%
Galar Rolycoly
35%
Paldea Squawkabilly
27%
No matching quizzes found
Score Distribution
Percent of People with Each Score
Percentile by Number Answered
Your Score History
You have not taken this quiz since the last reset